Jobonomics: (Record no. 171634)

MARC details
000 -LEADER
fixed length control field 00575nam a2200181 4500
005 - DATE AND TIME OF LATEST TRANSACTION
control field 20200116153514.0
010 ## - LCCN (DPL NO)
LC control number ENG-127394
020 ## - INTERNATIONAL STANDARD BOOK NUMBER
International Standard Book Number 9789351952343
Terms of availability 599.00
035 ## - SYSTEM CONTROL NUMBER
System control number EN-110926
037 ## - SOURCE OF ACQUISITION
Source of stock number/acquisition DBAD/PUB
082 ## - DEWEY DECIMAL CLASSIFICATION NUMBER
Classification number 331.10954
100 ## - MAIN ENTRY--PERSONAL NAME
Personal name Das,Goutam
245 ## - TITLE STATEMENT
Title Jobonomics:
Statement of responsibility, etc by Goutam Das
Remainder of title India's Employment Crisis and what the future holds/
260 ## - PUBLICATION, DISTRIBUTION, ETC. (IMPRINT)
Place of publication, distribution, etc Gurugram
Name of publisher, distributor, etc Hachette
Date of publication, distribution, etc 2019
270 ## - ADDRESS
Address 4th/5th Floors,corporate Centre,plot no.94,sec44
City Gurugram
Postal code 122003
300 ## - PHYSICAL DESCRIPTION
Extent Viii;286p.
Dimensions 23cm(hb)
942 ## - ADDED ENTRY ELEMENTS (KOHA)
Source of classification or shelving scheme Dewey Decimal Classification
Item type English Books
Classification part 331.10954
Call number suffix DAS
Holdings
Withdrawn status Lost status Not for loan Collection code Home library Current library Date acquired Source of acquisition Cost, normal purchase price Full call number Barcode Copy number Cost, replacement price Koha item type
      Non-fiction Central Library Central Library 16/01/2020 DBAD/PUB 599.00 331.10954 DAS EN-110926 1 599.00 English Books

© Delhi Public Library
Hit Counter
free hit counter